| 000 | 01851nam a2200373Ia 4500 | ||
|---|---|---|---|
| 001 | ebr10126249 | ||
| 003 | CaPaEBR | ||
| 006 | m u | ||
| 007 | cr cn||||||||| | ||
| 008 | 060627s2006 dcua sb 000 0 eng d | ||
| 010 | _z 2001012345 | ||
| 020 | _z030910145X (book) | ||
| 020 | _z0309658594 (pdf) | ||
| 024 | 3 | _z9780309101455 | |
| 040 |
_aCaPaEBR _cCaPaEBR |
||
| 035 | _a(OCoLC)70547788 | ||
| 050 | 1 | 4 |
_aHC60 _b.F85 2006eb |
| 245 | 0 | 4 |
_aThe fundamental role of science and technology in international development _h[electronic resource] : _ban imperative for the U.S. Agency for International Development / _cCommittee on Science and Technology in Foreign Assistance, Office for Central Europe and Eurasia, Development, Security and Cooperation Policy and Global Affairs, National Research Council of the National Academies. |
| 260 |
_aWashington, DC : _bNational Academies, Press, _cc2006. |
||
| 300 |
_axiv, 148 p. : _bill. |
||
| 504 | _aIncludes bibliographical references. | ||
| 533 |
_aElectronic reproduction. _bPalo Alto, Calif. : _cebrary, _d2009. _nAvailable via World Wide Web. _nAccess may be limited to ebrary affiliated libraries. |
||
| 610 | 1 | 0 |
_aUnited States. _bAgency for International Development. |
| 650 | 0 | _aTechnical assistance, American. | |
| 650 | 0 | _aEconomic assistance, American. | |
| 650 | 0 |
_aScience and state _zUnited States. |
|
| 650 | 0 |
_aTechnology and state _zUnited States. |
|
| 650 | 0 | _aTechnology transfer. | |
| 655 | 7 |
_aElectronic books. _2local |
|
| 710 | 2 |
_aNational Research Council (U.S.). _bCommittee on Science and Technology in Foreign Assistance. |
|
| 710 | 1 |
_aUnited States. _bAgency for International Development. |
|
| 710 | 2 | _aebrary, Inc. | |
| 856 | 4 | 0 |
_uhttp://site.ebrary.com/lib/rucke/Doc?id=10126249 _zAn electronic book accessible through the World Wide Web; click to view |
| 999 |
_c81097 _d81097 |
||